000 00765nam a22002417a 4500
003 DO-SdBNP
005 20260427111241.0
007 ta
008 211110b2020 dr a|||| |||| 00| 0 eng d
020 _a9789945618198
040 _aDO-SdBNP
_bspa
_cBNPHU
082 4 _aRD861.44
_bC957L
_222
100 1 _aCruz Eduardo, Alberto
_980575
245 1 0 _aLatidos del alma :
_bpoemas /
_cAlberto Cruz Eduardo
260 _aSanto Domingo :
_bAmigo del Hogar,
_c2020.
300 _a89 p. :
_bil. ;
_c23 cm.
500 _aIncluye datos biográficos del autor en las solapas
590 _aInventariado, 2021/BT
650 4 _aPoesía dominicana
650 4 _aLiteratura dominicana
_ySiglo XX
_985167
910 _aBtavárez/Validado. Control de calidad MFF
942 _2ddc
_cLBS1
999 _c50925
_d50925